Complete Brazilian Portuguese (Record no. 4600)

MARC details
000 -CABECERA
campo de control de longitud fija 01811nam a22002537a 4500
008 - DATOS DE LONGITUD FIJA--INFORMACIÓN GENERAL
campo de control de longitud fija 250327b |||||||| |||| 00| 0 eng d
020 ## - NÚMERO INTERNACIONAL ESTÁNDAR DEL LIBRO
Número Internacional Estándar del Libro 9781444198447
040 ## - FUENTE DE LA CATALOGACIÓN
Centro/agencia transcriptor TBS
041 ## - CÓDIGO DE LENGUA
Código de lengua del texto/banda sonora o título independiente eng
-- por
050 ## - SIGNATURA TOPOGRÁFICA DE LA BIBLIOTECA DEL CONGRESO
Número de clasificación PC5444.T97 2016
100 ## - ENTRADA PRINCIPAL--NOMBRE DE PERSONA
Nombre de persona Tyson-Ward, Sue
9 (RLIN) 25067
Término indicativo de función/relación author
245 ## - MENCIÓN DE TÍTULO
Título Complete Brazilian Portuguese
Mención de responsabilidad, etc. / Sue Tyson-Ward, Ethel Pereira de Almeida Rowbotham.
260 ## - PUBLICACIÓN, DISTRIBUCIÓN, ETC.
Lugar de publicación, distribución, etc. London :
Nombre del editor, distribuidor, etc. John Murray Learning
Fecha de publicación, distribución, etc. 2016.
300 ## - DESCRIPCIÓN FÍSICA
Extensión xviii, 317 pages :
Otras características físicas illustrations ;
Dimensiones 25 cm.
490 ## - MENCIÓN DE SERIE
Mención de serie Teach yourself books.
520 ## - SUMARIO, ETC.
Sumario, etc. Complete Brazilian Portuguese is a comprehensive book and audio language course that takes you from beginner to intermediate level. The new edition of this successful course has been fully revised and is packed with new learning features to give you the language, practice and skills to communicate with confidence. 18 learning units plus two review tests, pronunciation section and glossary; Discovery Method - figure out rules and patterns to make the language stick; Teaches the key skills - reading, writing, listening and speaking; Learn to learn - tips and skills on how to be a better language learner; Culture notes - learn about the people and places of Brazil; Outcomes-based learning - focus your studies with clear aims; Authentic listening activities - everyday conversations give you a flavor of real spoken Brazilian Portuguese; Test Yourself - see and track your own progress.
546 ## - NOTA DE LENGUA/LENGUAJE
Nota de lengua/lenguaje Text in English and Brazilian-Portuguese.
650 #0 - PUNTO DE ACCESO ADICIONAL DE MATERIA--TÉRMINO DE MATERIA
Término de materia o nombre geográfico como elemento de entrada Portuguese language
Subdivisión de forma Textbooks for foreign speakers
Subdivisión general English
9 (RLIN) 25068
650 #0 - PUNTO DE ACCESO ADICIONAL DE MATERIA--TÉRMINO DE MATERIA
Término de materia o nombre geográfico como elemento de entrada Portuguese language
Subdivisión general Self-instruction
9 (RLIN) 25069
655 #0 - TÉRMINO DE INDIZACIÓN--GÉNERO/FORMA
Datos o término principal de género/forma Self-instruction
9 (RLIN) 24883
655 #0 - TÉRMINO DE INDIZACIÓN--GÉNERO/FORMA
Datos o término principal de género/forma Textbooks
Subdivisión general for English speakers
9 (RLIN) 22374
700 ## - ENTRADA AGREGADA--NOMBRE PERSONAL
Nombre de persona Almeida Rowbotham, Ethel Pereira de
9 (RLIN) 25070
Término indicativo de función/relación author
942 ## - ELEMENTOS DE ENTRADA AGREGADA (KOHA)
Fuente del sistema de clasificación o colocación Clasificación de Library of Congress
Holdings
Estado de retiro Estado de pérdida Fuente del sistema de clasificación o colocación Estado dañado No para préstamo Biblioteca de origen Biblioteca actual Fecha de adquisición Total de préstamos Signatura topográfica completa Código de barras Fecha visto por última vez Número de copia Precio válido a partir de Tipo de ítem Koha
    Clasificación de Library of Congress     TBS Barcelona TBS Barcelona 27/03/2025   P-PT LEARN B05938 27/03/2025 1 27/03/2025 Teach Yourself Portuguese

Powered by Koha